01018nam a2200241 a 4500001000400000003000500004005001700009008004100026020001500067040002600082245018400108260003000292300001100322500008800333650003000421650003400451700003400485700003900519942001300558999001300571952009900584952009300683667CDMR20130723115812.0130130s1995||||||||||||||||||||||||||||d a0861964756 aCDMRbcatcCPC LLEIDA00aDecentralization in the global erab: television in the regions, nationalities and small countries of European Unioncedited by Miquel de Moragas Spà and Carmelo Garitaonandía aLondonc1995bJohn Libbey a234 p. aA la coberta: Generalitat de Catalunya. Centre d'Investigació de la Comunicació0493711aTelevisiózEuropa0493092aIndústria audiovisual1 9475aMoragas Spà, Miquel de1 91718aGaritaonandia, Carmeloeeds. cMON2udc c667d667 00104070aLLEIDAbLLEIDAd2011-07-26l0o92TVpLLEIDA1312614041r2013-01-16w2013-01-16yMON 00104070aCDMRbCDMRd2013-01-16l0oFy /1pCDMR13056467Kr2013-01-16w2013-01-16yMON